| 000 | 01211cad a22002295a 4500 | ||
|---|---|---|---|
| 001 | L150166 | ||
| 008 | 100609s2009 xxkd f s 000 0 eng d | ||
| 035 | _a(Sirsi) u150166 | ||
| 041 | 0 | _aeng | |
| 050 | 0 | 4 | _a333.337 $2 18 |
| 110 | 2 |
_aSavills Project Consultancy _95857 |
|
| 245 | 0 | 0 |
_aCommercial development activity _bOctober 2009 _h[electronic resource] |
| 260 |
_aLondon _bSavills _c2009 |
||
| 490 | 0 |
_aSavills UK Commercial Development Activity PMI _vOctober 2009 |
|
| 520 | _aStrongest increase in commercial development activity for over two years in September. The Total Commercial Development Activity Index was the highest since July 2007. Growth of overall activity has now been recorded for two months in a row. In September, private sector development increased at the sharpest pace since July 2007, but public sector activity fell over the month. | ||
| 590 | _aKA | ||
| 650 | 2 | 4 | _aSAVILLS UK COMMERCIAL DEVELOPMENT ACTIVITY PMI |
| 651 | 4 |
_aUnited Kingdom _y |
|
| 690 | _aPROPERTY-COMMERCIAL PROPERTY-COMMERCIAL PROPERTY MARKET | ||
| 856 | 4 | 0 |
_uhttps://www.savills.com/research-archive/commecial-development-activity-2009.pdf _zView this report free of charge at www.savills.com |
| 942 | _n0 | ||
| 999 |
_c110766 _d110766 |
||